000 00523nam a22001817a 4500
005 20250916114043.0
008 250916b |||||||| |||| 00| 0 eng d
020 _a9798887153377
050 _aTG 305 .B55 2024
_bC.1
100 _aBillington, Flint N.
245 _aBridge Engineering
250 _aFirst Edition
260 _aDublin, OH
_bOryson Press
_c2024
300 _axi, 278p.:ill.
500 _aIncludes index
650 _a1. Bridges - Design and Construction. 2. Structural engineering.
942 _2lcc
_cBK
999 _c216103
_d216103